A Concise introduction to logic (Record no. 21619)
[ view plain ]
| 000 -LEADER | |
|---|---|
| fixed length control field | 00434nam a2200193Ia 4500 |
| 003 - CONTROL NUMBER IDENTIFIER | |
| control field | 0100 |
| 008 - FIXED-LENGTH DATA ELEMENTS--GENERAL INFORMATION | |
| fixed length control field | 130303s9999 xx 000 0 und d |
| 040 ## - CATALOGING SOURCE | |
| Transcribing agency | ARRUPELIB |
| 050 ## - LIBRARY OF CONGRESS CALL NUMBER | |
| Classification number | BC108.H83 1988 |
| 300 ## - PHYSICAL DESCRIPTION | |
| Other physical details | 23cm |
| 100 ## - MAIN ENTRY--PERSONAL NAME | |
| Personal name | Hurley, Patrick J |
| 245 #2 - TITLE STATEMENT | |
| Title | A Concise introduction to logic |
| 260 ## - PUBLICATION, DISTRIBUTION, ETC. (IMPRINT) | |
| Place of publication, distribution, etc | Belmont, California |
| 260 ## - PUBLICATION, DISTRIBUTION, ETC. (IMPRINT) | |
| Name of publisher, distributor, etc | Wadsworth |
| 260 ## - PUBLICATION, DISTRIBUTION, ETC. (IMPRINT) | |
| -- | 1988 |
| 300 ## - PHYSICAL DESCRIPTION | |
| Extent | 498p. |
| 650 ## - SUBJECT ADDED ENTRY--TOPICAL TERM | |
| Topical term or geographic name as entry element | LOGIC |
| 942 00 - ADDED ENTRY ELEMENTS (KOHA) | |
| Koha issues (borrowed), all copies | 9 |
| Withdrawn status | Lost status | Source of classification or shelving scheme | Damaged status | Not for loan | Collection code | Home library | Current library | Shelving location | Date acquired | Total Checkouts | Full call number | Barcode | Date last seen | Date checked out | Copy number | Price effective from | Koha item type |
|---|---|---|---|---|---|---|---|---|---|---|---|---|---|---|---|---|---|
| Library of Congress Classification | Main Collection | ARRUPE LIBRARY | ARRUPE LIBRARY | 04/03/2013 | 4 | BC108.H83 1988 | 46003094886 | 08/03/2018 | 08/02/2018 | 1 | 04/03/2013 | Monograph ( Printed materials) | |||||
| Library of Congress Classification | Main Collection | ARRUPE LIBRARY | ARRUPE LIBRARY | 04/03/2013 | 7 | BC108.H83 1988 | 46003035379 | 11/05/2023 | 25/04/2023 | 2 | 04/03/2013 | Monograph ( Printed materials) | |||||
| Library of Congress Classification | Main Collection | ARRUPE LIBRARY | ARRUPE LIBRARY | 04/03/2013 | 16 | BC108.H83 1988 | 46003089314 | 25/03/2024 | 14/03/2024 | 3 | 04/03/2013 | Monograph ( Printed materials) | |||||
| Library of Congress Classification | Main Collection | ARRUPE LIBRARY | ARRUPE LIBRARY | 04/03/2013 | 6 | BC108.H83 1988 | 46003089252 | 24/04/2023 | 09/03/2023 | 4 | 04/03/2013 | Monograph ( Printed materials) | |||||
| Library of Congress Classification | Main Collection | ARRUPE LIBRARY | ARRUPE LIBRARY | 07/03/2013 | 6 | BC108.H93 1988 | 46003010711 | 11/05/2023 | 25/04/2023 | 6 | 07/03/2013 | Monograph ( Printed materials) | |||||
| Library of Congress Classification | Main Collection | ARRUPE COLLEGE BOOKSTORE | ARRUPE LIBRARY | Main Collection | 09/12/2022 | 1 | BC108.H83 1988 | 46700000209 | 09/03/2023 | 09/12/2022 | 09/12/2022 | Monograph ( Printed materials) |